000 00639nam a2200193Ia 4500
005 20260601193226.0
008 260601s9999||||xx |||||||||||||| ||und||
020 _a978-3-031-50125-8
_qebk
100 _aDaniela Mechkaroska
245 0 _aCryptocoding Based on Quasigroups
250 _a1st ed. 2024
260 _aHeidelberg, Germany
_bSpringer Nature
_c2024
440 _aSpringerBriefs in Information Security and Cryptography
650 _aComputer Science
700 _aAleksandra Popovska-Mitrovikj
700 _aVerica Bakeva
856 _uhttps://link.springer.com/openurl?genre=book&isbn=978-3-031-50125-8
942 _cEB
_2ddc
999 _c55964
_d55964